000
00461nam a2200181Ia 4500
008
100917s9999 xx 000 0 und d
082
_b
31833
100
_a
शेटे नामदेव
245
_a
चक्रवाक
260
_b
अनंत प्रकाशन
_c
1977
300
_a
96
365
_b
7
520
_a
कथा
630
_a
चक्रवाक
650
_a
कथा
730
_a
चक्रवाक
942
_c
BOOK
999
_c
637227
_d
637224